000 00555nam a2200145 4500
082 _aMSCS-04 SUG
100 _aSughra Razzaq
245 _aAn optimal approach for establishing a correlation between road conditions and driver's fatigue levels
260 _aIslamabad
_bNUST-SEECS
_c2017
300 _a51p.
_eCD Includes
856 _uhttp://10.250.8.41:8080/xmlui/handle/123456789/31054
942 _2ddc
_cTHE
999 _c332365
_d332365